Minecraft Items: Wood Quiz - Statistics

General Stats
  • This quiz has been taken 40 times
  • The average score is 15 of 21
Answer Stats
Hint Answer % Correct
Which tree type generates naturally in the most different biomes? Oak
97%
Which log type has white bark? Birch
90%
Which tree type generates in the savanna biome? Acacia
87%
Which wood type is a pillager's favorite building block? Dark Oak
87%
Which wood type can only be obtained by crafting from a plant? Bamboo
84%
Which tree type generates exclusively in a swamp variant? Mangrove
84%
Which wood type is blue? Warped
84%
Which tree type generates in a bush variant? Jungle
81%
What is one tree type that only grows in a 2x2 square? Dark Oak | Pale Oak
77%
Which tree type can generate with a creaking heart inside? Pale Oak
77%
What item can be crafted with four logs surrounding a furnace? Smoker
77%
Which tree type generates in the same biome as hoglins? Crimson
74%
Which wood type is the main building block in two different village types? Spruce
74%
What is one tree type that can grow in either a 1x1 or 2x2 square? Spruce | Jungle
74%
What item do you get from smelting a log? Charcoal
71%
What item can every leaf type drop? Stick
71%
What item can be crafted with three logs, three sticks, and one coal? Campfire
65%
How many items can be smelted using a wooden plank as fuel? 1.5
55%
What type of tree grows from a bush and doesn't have its own wood type? Azalea
52%
Which sapling type has unique sounds? Cherry
42%
Assuming you start only with a crafting table, an axe, and two iron chains, how many logs do you need to collect if you want to be able to get at least one of each of log, wood, stripped log, stripped wood, planks, stairs, slab, fence, fence gate, door, trapdoor, pressure plate, button, shelf, sign, hanging sign, boat, and boat with chest? 32
32%
No matching quizzes found
Score Distribution
Percent of People with Each Score
Percentile by Number Answered
Your Score History
You have not taken this quiz